000 01737nab a2200253 a 4500
005 20210219162147.0
008 991125s1985 mx 000 0 spa u
035 _aUPN01000198807
049 _aART
100 1 _aEspinoza Romo, Alejandra Viridiana
100 1 _aCorrea Romero, Fredi Everardo
100 1 _ucorreafr@gmail.com
100 1 _aGarcía y Barragán, Luis Felipe
222 _aENSEÑANZA E INVESTIGACION EN PSICOLOGIA
245 _aPercepción social de la infidelidad y estilos de amor en la pareja
260 _aJalapa, México
300 _a135-147
362 0 _a2014 Vol. 19, no. 1, ene.-jun.
520 _aAlgunos individuos eligen pareja por motivos tales como la reproducción, la convicción, la soledad o la necesidad de complementarse. El deterioro de las relaciones amorosas impacta al individuo, siendo la infidelidad una de las principales causas de rompimiento de relaciones en México. El presente estudio tuvo el propósito de conocer la posible relación entre los estilos de amor propuestos en la teoría y la percepción social de infidelidad. Participaron 150 jóvenes habitantes de una ciudad mexicana a los cuales se les aplicó una adaptación del Inventario de Estilos de Amor y algunas viñetas para conocer la percepción social de infidelidad. Los resultados muestran relaciones estadísticamente significativas entre algunos estilos de amor y la percepción social de infidelidad. Además, se encontró que cada sexo tiene una distinta percepción social de la infidelidad. Tales resultados se pueden explicar a través de los patrones culturales y los roles de género
653 0 _aESTILOS DE AMOR
653 0 _aINFIDELIDAD
653 0 _aPERCEPCION SOCIAL
905 _aArticulo
999 _c170908
_d170908